Places To Study
There are group study rooms, individual study carrels, computer labs, and other spaces to study in the Libraries.
Reserve A Group Room| 000 -LEADER | |
|---|---|
| fixed length control field | 00904nam a22001697a 4500 |
| 003 - CONTROL NUMBER IDENTIFIER | |
| control field | OSt |
| 005 - DATE AND TIME OF LATEST TRANSACTION | |
| control field | 20251204093059.0 |
| 008 - FIXED-LENGTH DATA ELEMENTS--GENERAL INFORMATION | |
| fixed length control field | 251204b |||||||| |||| 00| 0 eng d |
| 040 ## - CATALOGING SOURCE | |
| Transcribing agency | DCL |
| 082 ## - DEWEY DECIMAL CLASSIFICATION NUMBER | |
| Classification number | ၂၉၄.၃၄၄၃၅ |
| 100 0# - MAIN ENTRY--PERSONAL NAME | |
| Personal name | ကျော်နန္ဒအောင်။ |
| 245 10 - TITLE STATEMENT | |
| Title | ကျေးဇူးတော်ရှင်ဆရာတော်ကြီးများ၏ ဝိပဿနာရူနည်းများ (၉) တွဲပေါင်းချုပ်၊ |
| Number of part/section of a work | ဒုတိယအုပ် / |
| Statement of responsibility, etc. | ကျော်နန္ဒအောင် ။ |
| 260 ## - PUBLICATION, DISTRIBUTION, ETC. | |
| Place of publication, distribution, etc. | ရန်ကုန်မြို့ ၊ |
| Name of publisher, distributor, etc. | စိတ်ကူးချိုချိုစာပေ ၊ |
| Date of publication, distribution, etc. | ၂၀၁၁။ |
| 300 ## - PHYSICAL DESCRIPTION | |
| Extent | ၈၁၃-၁၆၀၅ စာမျက်နှာ ၊ |
| Dimensions | ၂၇ စင်တီ။ |
| 650 ## - SUBJECT ADDED ENTRY--TOPICAL TERM | |
| Topical term or geographic name entry element | ဝိပဿနာ |
| 942 ## - ADDED ENTRY ELEMENTS (KOHA) | |
| Source of classification or shelving scheme | Dewey Decimal Classification |
| Koha item type | Short Term |
| Suppress in OPAC | No |
| Withdrawn status | Lost status | Source of classification or shelving scheme | Damaged status | Not for loan | Accession No. | Home library | Current library | Shelving location | Date acquired | Total checkouts | Full call number | Barcode | Date last seen | Price effective from | Koha item type |
|---|---|---|---|---|---|---|---|---|---|---|---|---|---|---|---|
| Dewey Decimal Classification | ၃၇၆၁ | Dhammadhara | Dhammadhara | Myanmar Shelves | 04/12/2025 | ၂၉၄.၃၄၄၃၅ ကျော် ၃၇၆၁ | MB00003761 | 04/12/2025 | 04/12/2025 | Short Term |